000 00876pam a2200265 a 4500
999 _c815
_d815
001 3894
003 BD-DhUAP
005 20200128154854.0
008 200128s1996 nyua 001 0 eng
020 _a0673994767
040 _aDLC
_cDLC
_dBD-DhUAP
082 0 0 _a330 LIP
_223
100 1 _aLipsey, Richard G.
245 1 0 _aEconomics /
_cRichard G. Lipsey and Paul N. Courant.
250 _a11th ed.
260 _aNew York :
_bHarperCollins College Publishers,
_cc1996.
300 _avaries pages :
_billustrations ;
_c27 cm.
490 _aThe HarperCollins series in economics.
500 _aIncludes index.
650 0 _aEconomics.
700 1 _aCourant, Paul N.
906 _a7
_bcbc
_corignew
_d1
_eocip
_f19
_gy-gencatlg
942 _2ddc
_cBK